O chápaní nových vojen v 21. storočí

Clausewitzowská teória vojen a súčasnosť. Súčasné chápanie vojen - obsahové a terminologické otázky. Chápanie nových vojen, základné znaky a následky.

Salvato in:
Dettagli Bibliografici
Autore principale: Škvrnda, František
Natura: Capitolo di libro
Lingua:slovacco
Soggetti:
Tags: Aggiungi Tag
Nessun Tag, puoi essere il primo ad aggiungerne!!

MARC

LEADER 00000naa$a2200000$$$4500
001 0261621
005 20240502074151.1
041 0 |a slo 
044 |a SK 
245 1 0 |a O chápaní nových vojen v 21. storočí  |c František Škvrnda 
520 |a Clausewitzowská teória vojen a súčasnosť. Súčasné chápanie vojen - obsahové a terminologické otázky. Chápanie nových vojen, základné znaky a následky. 
610 2 0 |a vojny 
610 2 0 |a terminológia 
610 2 0 |a politika medzinárodná 
610 2 0 |a bezpečnosť 
100 1 |a Škvrnda, František